000
00222 a2200097 4500
001
24499
100
_a
Avner, S H
245
_a
Introduction to Physical Metallurgy
260
_a
_b
McGraw-Hill
_c
1964
090
_c
16552
_d
16552
942
_a
NUST-CAE
_c
M
_c
7283
999
_c
259572
_d
259572